MARC details
| 000 -CABECERA |
| campo de control de longitud fija |
02286nas a2200265 i 4500 |
| 005 - FECHA Y HORA DE LA ÚLTIMA TRANSACCIÓN |
| campo de control |
20250530143725.0 |
| 007 - CAMPO FIJO DE DESCRIPCIÓN FÍSICA--INFORMACIÓN GENERAL |
| campo de control de longitud fija |
ta |
| 008 - DATOS DE LONGITUD FIJA--INFORMACIÓN GENERAL |
| campo de control de longitud fija |
241128e2024 dr bn|p|r||||||0| 0 spa d |
| 040 ## - FUENTE DE LA CATALOGACIÓN |
| Centro/agencia transcriptor |
AGN |
| Centro/agencia modificador |
AGN |
| Centro catalogador/agencia de origen |
DO-SdBNP |
| Lengua de catalogación |
spa |
| Normas de descripción |
rda |
| 041 ## - CÓDIGO DE LENGUA |
| Código de lengua del texto/banda sonora o título independiente |
spa |
| 110 ## - ENTRADA PRINCIPAL--NOMBRE DE ENTIDAD CORPORATIVA |
| Nombre de entidad corporativa o nombre de jurisdicción como elemento de entrada |
AMD Dominican Group, SRL. |
| 9 (RLIN) |
87926 |
| 245 ## - MENCIÓN DE TÍTULO |
| Título |
Reporte Médico. Com / |
| Mención de responsabilidad, etc. |
AMD Dominican Group. |
| 264 ## - PRODUCCIÓN, PUBLICACIÓN, DISTRIBUCIÓN, FABRICACIÓN Y COPYRIGHT |
| Producción, publicación, distribución, fabricación y copyright |
Santiago, República Dominicana : |
| Nombre del de productor, editor, distribuidor, fabricante |
AMD Dominican Group, |
| Fecha de producción, publicación, distribución, fabricación o copyright |
2024. |
| 300 ## - DESCRIPCIÓN FÍSICA |
| Extensión |
volumen : |
| Otras características físicas |
ilustraciones, fotografías ; |
| Dimensiones |
30 cm. |
| 310 ## - PERIODICIDAD ACTUAL |
| Periodicidad actual |
Bimestral |
| 336 ## - TIPO DE CONTENIDO |
| Término de tipo de contenido |
texto |
| Código de tipo de contenido |
txt |
| Fuente |
rdacontent |
| 337 ## - TIPO DE MEDIO |
| Nombre/término del tipo de medio |
sin mediación |
| Código del tipo de medio |
n |
| Fuente |
rdamedia |
| 338 ## - TIPO DE SOPORTE |
| Nombre/término del tipo de soporte |
volumen |
| Código del tipo de soporte |
nc |
| Fuente |
rdacarrier |
| 362 ## - FECHAS DE PUBLICACIÓN Y/O DESIGNACIÓN SECUENCIAL |
| Fecha de publicación y/o designación secuencial |
Número 15, Año 2024, noviembre-diciembre. |
| 500 ## - NOTA GENERAL |
| Nota general |
Reporte Médico.com es un producto diseñado y elaborado por Media Group – RMMG SRL empresa que cuenta con un equipo de profesionales al servicio de tu bienestar y salud.<br/><br/>ReporteMédico.com es una revista médica especializada de 06 ediciones anuales con publicación bimestral, conformada por 100 páginas o más que cuenta con secciones fijas, reportajes, noticias, entrevistas, productos y servicios.<br/><br/>ReporteMédico.com es presentada en dos versiones impresa y digital. Nuestra versión impresa tiene alta calidad de impresión con distribución masiva y gratuita. Brinda al lector una imagen fresca y variada, apoyada a su vez por nuestra página web www.reportemedico.com para que los usuarios de las plataformas digitales disfruten de su versión Digital y de nuestro contenido diario.<br/><br/>Cabe destacar que es la única revista especializada que incluye una Guía Médica como ninguna otra, una herramienta formidable para tenerla siempre contigo y ubicar rápida y eficazmente los más destacados médicos a nivel nacional.<br/><br/><br/>Copyright © 2022 Media Group – RMMG SRL | Todos los derechos reservados.<br/>Santo Domingo / República Dominicana<br/>Síguenos por nuestras Redes Sociales<br/><br/>Instagram<br/> Facebook<br/> Youtube<br/> |
| 505 ## - NOTA DE CONTENIDO CON FORMATO |
| Nota de contenido con formato |
Revista Médica Especializada de la República Dominicana. |
| 520 ## - SUMARIO, ETC. |
| Sumario, etc. |
La República Dominicana cuenta con varias revistas médicas especializadas que ofrecen contenido de alta calidad científica y divulgación médica. |
| 650 #0 - PUNTO DE ACCESO ADICIONAL DE MATERIA--TÉRMINO DE MATERIA |
| Término de materia o nombre geográfico como elemento de entrada |
Medicina |
| 9 (RLIN) |
12481 |
| Subdivisión de forma |
Publicaciones periódicas |
| Subdivisión geográfica |
República Dominicana |
| 942 ## - ELEMENTOS DE PUNTO DE ACCESO ADICIONAL (KOHA) |
| Fuente del sistema de clasificación o colocación |
Dewey Decimal Classification |
| Tipo de ítem Koha |
Publicación periódica |